Matematika pre 5. ročník ZŠ pracovný zošit 1 : sprievodca učiteľa

Bibliographic Details
Main Authors: Berová, Zuzana, 1966- (Author), Bero, Peter, 1950- (Author)
Other Authors: Tinák Uhrín, Michal (Illustrator)
Format: Book
Language:Slovak
PhysicalDescription:80 s. ilustr., tab. 30 cm
Published: [Bratislava PZJ Consult] Libera Terra 2015
ISBN:9788089792009
Edition:1. vyd.
Subjects:

MARC

LEADER 00000cam a2200000 a 4500
001 vtls010690569
003 SK-MaSNL
005 20260301035800.0
008 240315s2015 xo a c 000 0 slo
015 |a SNBA2015/07 
020 |a 9788089792009  |q (brož.) 
035 |a FA37C72C-DE51-4F1B-859E-454981BD7716 
035 |a urn:nbn:sk:snk-amjzve 
035 |a urn:nbn:sk:snk-am007yy7 
040 |a SNK  |b slo  |c SNK  |e AACR2 
041 0 |a slo 
044 |a xo  |c SK 
072 7 |a 51  |x Matematika  |2 konspekt 
080 |a 51  |2 2001 
080 |a (075.2)  |2 2001 
080 |a (076.1)  |2 2001 
100 1 |a Berová, Zuzana,  |d 1966-  |4 aut  |9 67320 
245 1 0 |a Matematika pre 5. ročník ZŠ  |b pracovný zošit 1 : sprievodca učiteľa  |c Zuzana a Peter Bero ; [ilustrácie Mišo Uhrín] 
246 1 4 |a Matematika 5 
250 |a 1. vyd. 
260 |a [Bratislava  |b PZJ Consult]  |b Libera Terra  |c 2015 
300 |a 80 s.  |b ilustr., tab.  |c 30 cm 
500 |a Vydavateľstvo uvedené podľa ISBN 
650 0 7 |a matematika  |2 SNKPH  |9 70174 
650 0 7 |a Mathematics  |2 SNKPHeng  |9 265620 
655 7 |a učebnice základných škôl  |2 SNKPH  |9 70187 
655 7 |a pracovné zošity  |2 SNKPH  |9 70188 
655 7 |a Textbooks (elementary)  |2 SNKPHeng  |9 276977 
655 7 |a Activity books  |2 SNKPHeng  |9 302885 
700 1 |a Bero, Peter,  |d 1950-  |4 aut  |9 215146 
700 1 |a Tinák Uhrín, Michal  |4 ill  |9 195539 
852 |a Štátna vedecká knižnica v Banskej Bystrici 
919 |a 978-80-89792-00-9 
958 |a OND 
999 |c 584875  |d 586805 
952 |a SNK  |b SNK  |y PREZ  |7 0  |p 17A1168047  |o snkSB 88565/1  |i snk2015/21467  |8 0  |0 0  |1 0  |4 0  |d 2015-07-13  |f 1  |l 0  |r 2025-05-13 00:00:00  |w 2026-02-23 
952 |a SNK  |b SNK  |y VYP  |7 0  |p 17A1168046  |o snkSB 88565/1 D1  |i snk2015/21470  |8 0  |0 0  |1 0  |4 0  |d 2015-07-13  |l 0  |r 2026-02-23 15:05:09  |w 2026-02-23